Представление документа в формате RUSMARC

Поле Инд. ПП Название Значение
Тип записи a
Библиографический уровень s
001 Контрольный номер 7b67a8c8d4ae4b989a5ee450642ff547
005 Дата корректировки 20250219155600.2
011 a ISSN 0131-6761
102 a Страна публикации RU
200 1_ e Сведения, относящиеся к заглавию научный журнал
a Заглавие Российская юстиция
b Общее обозначение материала Текст
203 a Вид содержания Текст : непосредственный
210 1_ c Издательство Юрист
a Место издания Москва
d Дата издания 2019
300 a Общие примечания Хранение 5 лет
318 a Действие (Дата размещения 18.01.2019)
326 a Примечания о периодичности (серийного издания) Ежемес.
330 a Аннотация Комментарии законодательства, анализ судебной, нотариальной и арбитражной практики, обзоры международного права, консультации по правовым вопросам, правовую статистику. Среди авторов - ведущие правоведы страны, в том числе из Администрации Президента Российской Федерации, Верховного Суда Российской Федерации, Высшего Арбитражного Суда Российской Федерации, Министерства юстиции Российской Федерации, профильных вузов страны, известные юристы-практики
610 0_ a Ключевые слова Периодика 2019
801 _0 a Страна RU
b Организация РГУП
g Правила каталогизации PSBO
801 _1 a Страна RU
b Организация РГУП
g Правила каталогизации PSBO
901 t Тип документа u
905 a Дата ввода 20190118
953 a Вид документа Журнал печатный